|
|
|
|
| LEADER |
00000nas a2200000 a 4500 |
| 001 |
ssj0000391265 |
| 003 |
WaSeSS |
| 005 |
20200512172242.0 |
| 006 |
m d |
| 007 |
cr n |
| 008 |
110111c20069999sp ar p s 0 0spa |
| 010 |
|
|
|a 2011213404
|
| 022 |
|
|
|a 1988-8309
|l 1886-6190
|y 1886-6190
|
| 035 |
|
|
|a (WaSeSS)ssj0000391265
|
| 040 |
|
|
|a DLC
|b eng
|c DLC
|d OCLCQ
|d OCLCF
|d OCLCO
|d CUS
|d WaSeSS
|
| 041 |
0 |
|
|a spa
|b eng
|f eng
|
| 042 |
|
|
|a pcc
|
| 050 |
0 |
0 |
|a RC489.A7
|b A7928
|
| 222 |
|
0 |
|a Arteterapia
|b (Madrid)
|
| 245 |
0 |
0 |
|a Arteterapia
|h [electronic resource] :
|b papeles de arteterapia y educación artística para la inclusión social.
|
| 260 |
|
|
|a Madrid :
|b Servicio de Publicaciones de la Universidad Complutense de Madrid
|
| 310 |
|
|
|a Annual
|
| 362 |
1 |
|
|a Began in 2006.
|
| 506 |
|
|
|a License restrictions may limit access.
|
| 546 |
|
|
|a Articles in Spanish with abstracts and contents page also in English.
|
| 550 |
|
|
|a Issued by the University's Sección Departamental de Didáctica de la Expresión Plástica.
|
| 588 |
|
|
|a Description based on: Vol. 5 (2010); title from title page.
|
| 650 |
|
0 |
|a Art therapy
|v Periodicals.
|
| 650 |
|
7 |
|a Art therapy.
|2 fast
|0 (OCoLC)fst00815831
|
| 655 |
|
0 |
|a Electronic journals.
|
| 710 |
2 |
|
|a Universidad Complutense de Madrid.
|b Sección Departamental de Didáctica de la Expresión Plástica.
|
| 850 |
|
|
|a DLC
|
| 856 |
4 |
0 |
|z Full text available from PRISMA Database with HAPI Index: 01/01/2006 to 01/31/2016
|u https://search.proquest.com/publication/237373
|